| 000 | 00659nam a2200253Ia 4500 | ||
|---|---|---|---|
| 003 | OSt | ||
| 005 | 20220912151457.0 | ||
| 006 | a|||||r|||| 00| 0 | ||
| 007 | ta | ||
| 008 | 220909b |||||||| |||| 00| 0 eng d | ||
| 024 | _a14159 | ||
| 037 | _cTextual | ||
| 040 |
_aCSL _beng _cCSL |
||
| 041 | _aeng | ||
| 082 | _aC21, L0 | ||
| 100 | _aHarrison Walter A | ||
| 245 | 0 | _aSolid state theory | |
| 260 |
_aNew Delhi _b Tata McGraw-Hill Publishing Company Ltd. _c1970 |
||
| 300 |
_a554p. _ccm. |
||
| 500 |
_aIndex 541-554p. _ccm. |
||
| 650 | _aSolid state | ||
| 942 |
_hC21, L0 _cTEXL _2CC |
||
| 999 |
_c69387 _d69387 |
||